Wage structure in the machinery industries, January 1945. (Record no. 36521)

MARC details
000 -LEADER
fixed length control field 00939cam a22002651 4500
001 - CONTROL NUMBER
control field l 46000040
003 - CONTROL NUMBER IDENTIFIER
control field DLC
005 - DATE AND TIME OF LATEST TRANSACTION
control field 20260227111539.0
008 - FIXED-LENGTH DATA ELEMENTS--GENERAL INFORMATION
fixed length control field 890810s1946 dcua f000 0 eng
010 ## - LIBRARY OF CONGRESS CONTROL NUMBER
LC control number l 46000040
035 ## - SYSTEM CONTROL NUMBER
System control number (OCoLC)20158817
040 ## - CATALOGING SOURCE
Original cataloging agency DLC
Transcribing agency PEL
Modifying agency PEL
-- OCoLC
-- DLC
042 ## - AUTHENTICATION CODE
Authentication code premarc
050 00 - LIBRARY OF CONGRESS CALL NUMBER
Classification number HD8051
Item number .A62 no. 861
100 1# - MAIN ENTRY--PERSONAL NAME
Personal name David, Lily Mary.
245 10 - TITLE STATEMENT
Title Wage structure in the machinery industries, January 1945.
260 ## - PUBLICATION, DISTRIBUTION, ETC.
Place of publication, distribution, etc. Washington,
Name of publisher, distributor, etc. U.S. Govt. Print. Off.,
Date of publication, distribution, etc. [1946]
300 ## - PHYSICAL DESCRIPTION
Extent iv, 12 p.
Other physical details illus.
Dimensions 23 cm.
490 0# - SERIES STATEMENT
Series statement U. S. Bureau of labor statistics. Bulletin
Volume/sequential designation no. 861
500 ## - GENERAL NOTE
General note A more detailed report was issued in mimeograph form in 1945 as the Bureau's Wage structure. Series 2, no. 1.
500 ## - GENERAL NOTE
General note "Reprinted from the Monthly labor review, February 1946."
650 #0 - SUBJECT ADDED ENTRY--TOPICAL TERM
Topical term or geographic name entry element Wages
Geographic subdivision United States.
650 #0 - SUBJECT ADDED ENTRY--TOPICAL TERM
Topical term or geographic name entry element Machinery industry.
650 #0 - SUBJECT ADDED ENTRY--TOPICAL TERM
Topical term or geographic name entry element Wages
General subdivision Machinery industry.

No items available.

Powered by Koha